[Event "SJNR-ch U18"]
[Site "Kranenburg"]
[Date "2005.01.05"]
[Round "6"]
[White "Cheraghi, Schayan"]
[Black "Verbeet, Richard"]
[Result "1/2-1/2"]
[WhiteElo "1836"]
[BlackElo "1801"]
[PlyCount "38"]
[EventDate "2005.01.02"]
[EventType "swiss"]
[EventRounds "7"]
[EventCountry "GER"]
[SourceTitle "EXT 2007"]
[Source "ChessBase"]
[SourceDate "2006.11.23"]
[SourceVersion "1"]
[SourceVersionDate "2006.11.23"]
[SourceQuality "1"]

1. e4 d5 2. exd5 Qxd5 3. Nc3 Qa5 4. d4 Bf5 5. Nf3 Nf6 6. Bd2 c6 7. Bc4 e6 8. a3 Qc7 9. 0-0 Bd6 10. Re1 0-0 11. h3 Nbd7 12. Bg5 h6 13. Bxf6 Nxf6 14. Bd3 Bxd3 15. Qxd3 Rad8 16. Ne4 Be7 17. Rab1 Nxe4 18. Qxe4 Bf6 19. h4 Qd7 1/2-1/2

[Event "NRW-ch U14"]
[Site "Winterberg"]
[Date "2002.04.04"]
[Round "5"]
[White "Cheraghi, Schayan"]
[Black "Krug, Kevin"]
[Result "0-1"]
[WhiteElo "1650"]
[BlackElo "1649"]
[PlyCount "78"]
[EventDate "2002.04.01"]
[EventType "swiss"]
[EventRounds "7"]
[EventCountry "GER"]
[SourceTitle "EXT 2003"]
[Source "ChessBase"]
[SourceDate "2002.11.25"]
[SourceVersion "1"]
[SourceVersionDate "2002.11.25"]
[SourceQuality "1"]

1. e4 Nc6 2. d4 d5 3. e5 Bf5 4. Bb5 e6 5. Nf3 h6 6. 0-0 Nge7 7. Nc3 g5 8. Ne2 Bg7 9. b3 a6 10. Bxc6+ Nxc6 11. Ba3 f6 12. Ng3 Bg6 13. exf6 Qxf6 14. c3 g4 15. Ne1 h5 16. Nd3 h4 17. Ne2 Bh6 18. Re1 0-0-0 19. Bc1 Be4 20. a4 h3 21. Ng3 hxg2 22. Nxe4 dxe4 23. Rxe4 Bxc1 24. Rxc1 Qh4 25. Kxg2 Qxh2+ 26. Kf1 Qh1+ 27. Ke2 Qxe4+ 28. Kd2 e5 29. Kc2 exd4 30. Kb2 dxc3+ 31. Rxc3 Nb4 32. Nc5 Rxd1 33. Nxe4 Re8 34. Rc4 Rxe4 35. Rxe4 Nd3+ 36. Kc2 Nxf2 37. Re2 g3 38. Rxf2 gxf2 39. Kxd1 f1Q+ 0-1

[Event "NRW-ch U14"]
[Site "Winterberg"]
[Date "2002.04.01"]
[Round "1"]
[White "Cheraghi, Schayan"]
[Black "Thesing, Stefan"]
[Result "1-0"]
[WhiteElo "1650"]
[BlackElo "1393"]
[PlyCount "101"]
[EventDate "2002.04.01"]
[EventType "swiss"]
[EventRounds "7"]
[EventCountry "GER"]
[SourceTitle "EXT 2003"]
[Source "ChessBase"]
[SourceDate "2002.11.25"]
[SourceVersion "1"]
[SourceVersionDate "2002.11.25"]
[SourceQuality "1"]

1. e4 e5 2. Nf3 Nc6 3. Bb5 Bc5 4. 0-0 d6 5. d4 exd4 6. Nxd4 Bxd4 7. Qxd4 Nf6 8. Rd1 0-0 9. Bxc6 bxc6 10. Bg5 c5 11. Qd3 Re8 12. Nc3 Bb7 13. Re1 h6 14. Bh4 g5 15. Bg3 Nxe4 16. Nxe4 f5 17. Qb3+ d5 18. Nxc5 Bc6 19. Rxe8+ Bxe8 20. Be5 Rb8 21. Qh3 Qe7 22. Nd3 Qh7 23. Qg3 Rc8 24. Nf4 Bg6 25. Nxd5 Qf7 26. Rd1 f4 27. Qh3 Rd8 28. Nf6+ Qxf6 29. Rxd8+ Qxd8 30. Qg4 Qe8 31. Bc3 Bxc2 32. h3 Bb1 33. Qf3 Qe4 34. Qd1 Qd5 35. Qa4 a6 36. Qe8+ Kh7 37. Qe7+ Kg6 38. Qg7+ Kh5 39. Qxc7 Be4 40. Qc8 Bxg2 41. Qg4+ Kg6 42. Qxg2 Qxg2+ 43. Kxg2 Kf5 44. Kf3 h5 45. Bd2 g4+ 46. hxg4+ hxg4+ 47. Ke2 Ke4 48. Ba5 f3+ 49. Kd2 Kd4 50. Bb6+ Kc4 51. Ke3 1-0